| 000 | 00921nam a2200265 i 4500 | ||
|---|---|---|---|
| 001 | 184144 | ||
| 003 | ES-MaACL | ||
| 005 | 20240118063007.0 | ||
| 008 | 150325s1970 sp |||| |dspa d | ||
| 080 | _a821.134.2-6"17" | ||
| 100 | 1 |
_aJovellanos, Gaspar Melchor de, _d1744-1811 _9222580 |
|
| 245 | 1 | 0 |
_aObras. _n1 / _cGaspar Melchor de Jovellanos ; edición, prólogo y notas de José Caso González. |
| 246 | 3 | _aEpistolario | |
| 260 |
_aBarcelona : _bLabor, _c1970. |
||
| 300 |
_a1 v. ; _c18 cm. |
||
| 490 | 1 |
_aTextos hispánicos modernos ; _v8 |
|
| 504 | _aBibliografía: p. 43-44. | ||
| 505 | 8 |
_aContiene: 1 ; _tEpistolario,( _g242 p.) |
|
| 597 | _aEn contracub.: retr. del autor. | ||
| 598 | _aColección dir. por Francisco Rico. | ||
| 700 | 1 |
_aCaso González, José. _936328 |
|
| 830 | 0 |
_aTextos hispánicos modernos ; _v8 _9181506 |
|
| 852 |
_aES-MaACL _jE-15516 |
||
| 999 |
_c184144 _d184144 |
||